Un ponte da costruire : una relazione nuova tra Chiesa e persone LGBT /

সংরক্ষণ করুন:
গ্রন্থ-পঞ্জীর বিবরন
প্রধান লেখক: Martin, James, (1960- )
অন্যান্য লেখক: Zuppi, Matteo
বিন্যাস: গ্রন্থ
ভাষা:ইতালিয়
প্রকাশিত: Venezia : Marcianum Press, 2018
মালা:Il crogiolo. Varie
বিষয়গুলি:
ট্যাগগুলো: ট্যাগ যুক্ত করুন
কোনো ট্যাগ নেই, প্রথমজন হিসাবে ট্যাগ করুন!

MARC

LEADER 00000nam a2200000 i 4500
001 IT\ICCU\PUV\1493090
003 ItRI
005 20260214124453.0
008 180604s2018 it |||||| ||||| |||||c
015 |2 IT  |a 2018-14394 
020 |a 9788865125908 
040 |b ita  |c C 
041 7 |a ita  |2 ISO-639-2 
082 |a 261.835766  |2 23 
100 1 |a Martin, James,  |d  (1960- )  |0 IT\ICCU\PBEV\002473 
240 1 0 |a Building a bridge 
245 1 3 |a Un ponte da costruire :  |b una relazione nuova tra Chiesa e persone LGBT /  |c James Martin ; prefazione di Matteo Zuppi. 
260 |a Venezia :  |b Marcianum Press,  |c 2018 
300 |a 114 p. ;  |c 21 cm 
500 |a Traduzione di Imma Elenoire Laudieri Di Biase 
650 7 |a Omosessualità [e] Transessualismo  |x Atteggiamento [della] Chiesa cattolica  |2 nsbncf 
700 |a Zuppi, Matteo 
830 3 |a Il crogiolo. Varie  |0 IT\ICCU\CFI\0971339 
942 |2 ddc  |c BK 
952 |0 0  |1 0  |4 0  |6 DOC_261_835000000000000_MAR  |7 0  |9 20574  |a BO  |b BO  |d 2026-01-15  |i 18981  |l 0  |o DOC 261.835 MAR  |p BO18981  |r 2026-01-15 23:21:28  |w 2026-01-15  |x [Sebina 5] [1 v.]  |y BK  |z 1 v. 
999 |c 524  |d 524